Regions of the Czechia Quiz - Statistics

General Stats
  • This quiz has been taken 12 times
  • The average score is 11 of 14
Answer Stats
Region % Correct
Moravian-Silesian
100%
Prague
100%
South Moravian
100%
Central Bohemian
83%
South Bohemian
83%
Liberec
75%
Olomouc
75%
Pardubice
75%
Plzeň
75%
Ústí nad Labem
75%
Hradec Králové
67%
Karlovy Vary
67%
Vysočina
67%
Zlín
67%
No matching quizzes found
Score Distribution
Percent of People with Each Score
Percentile by Number Answered
Your Score History
You have not taken this quiz